Vol. 31, № 239; Mineralogical magazine

Մատենագիտական մանրամասներ
Parent link:Mineralogical magazine: journal/ Mineralogical Society of Great Britain and Ireland. Vol. 31, № 239.— , 1876-1991
Լեզու:անգլերեն
Հրապարակվել է: 1957
Ձևաչափ: Գիրք
KOHA link:https://koha.lib.tpu.ru/cgi-bin/koha/opac-detail.pl?biblionumber=537405

MARC

LEADER 00000nam2a2200000 4500
001 537405
005 20231101113924.0
035 |a (RuTPU)RU\TPU\prd\226835 
035 |a RU\TPU\prd\226656 
090 |a 537405 
100 |a 20141203a k y0engy50 ba 
101 0 |a eng 
102 |a GB 
200 0 |a Vol. 31, № 239 
210 |d 1957 
461 1 |0 (RuTPU)RU\TPU\prd\270  |t Mineralogical magazine  |o journal  |f Mineralogical Society of Great Britain and Ireland  |v Vol. 31, № 239  |d 1876-1991 
801 0 |a RU  |b 63413507  |c 20010227  |g PSBO 
801 1 |a RU  |b 63413507  |c 20080423  |g PSBO 
801 2 |a RU  |b 63413507  |c 20141216  |g PSBO 
942 |c BK 
999 |a НТБ_ТПУ  |b НФ  |e -14/20140209  |p П-177  |u 0  |v 1  |x 5904